Belize : Use of Fund Resources; Request for Emergency Assistance; Staff Report; Press Release on the Executive Board Discussion; and Statement by the Executive Director for Belize.

The staff report for Belize's use of Fund Resources and Request for Emergency Assistance is examined. Economic growth has been sustained largely by rising oil production, while inflation has remained under control. Despite rising oil production, economic growth has been low in 2007, in part bec...

Täydet tiedot

Bibliografiset tiedot
Yhteisötekijä: International Monetary Fund
Aineistotyyppi: Aikakauslehti
Kieli:English
Julkaistu: Washington, D.C. : International Monetary Fund, 2009.
Sarja:IMF Staff Country Reports; Country Report ; No. 2009/069
Linkit:Full text available on IMF
LEADER 01650cas a2200241 a 4500
001 AALejournalIMF005653
008 230101c9999 xx r poo 0 0eng d
020 |c 5.00 USD 
020 |z 9781451805574 
022 |a 1934-7685 
040 |a BD-DhAAL  |c BD-DhAAL 
110 2 |a International Monetary Fund. 
245 1 0 |a Belize :   |b Use of Fund Resources; Request for Emergency Assistance; Staff Report; Press Release on the Executive Board Discussion; and Statement by the Executive Director for Belize. 
264 1 |a Washington, D.C. :  |b International Monetary Fund,  |c 2009. 
300 |a 1 online resource (27 pages) 
490 1 |a IMF Staff Country Reports 
500 |a <strong>Off-Campus Access:</strong> No User ID or Password Required 
500 |a <strong>On-Campus Access:</strong> No User ID or Password Required 
506 |a Electronic access restricted to authorized BRAC University faculty, staff and students 
520 3 |a The staff report for Belize's use of Fund Resources and Request for Emergency Assistance is examined. Economic growth has been sustained largely by rising oil production, while inflation has remained under control. Despite rising oil production, economic growth has been low in 2007, in part because of the impact of Hurricane Dean. The authorities are confident that the banking system is stable and adequately capitalized, and largely insulated from international market turmoil. 
538 |a Mode of access: Internet 
830 0 |a IMF Staff Country Reports; Country Report ;  |v No. 2009/069 
856 4 0 |z Full text available on IMF  |u http://elibrary.imf.org/view/journals/002/2009/069/002.2009.issue-069-en.xml  |z IMF e-Library